Les états américains les plus dangereux - Statistiques

Statistiques générales
  • Ce quiz a été pris 442 fois
  • Le résultat moyen est 3 sur 10
Statistiques - réponses
Meurtres/100 000 habitants État % Correct
9,65 Louisiane
50%
5,62 Michigan
37%
5,79 Nouveau Mexique
35%
5,57 Mississippi
34%
5,94 Nevada
33%
6,09 Caroline du Sud
23%
6,97 Missouri
23%
5,62 Tennessee
18%
7,4 Maryland
17%
5,38 Delaware
8%
Aucun quiz correspondant
Distribution des résultats
% des personnes avec chaque résultat
Percentile par nombre de réponses
Votre historique - résultats
Vous n’avez pas pris ce quiz